NAJBARDZIEJ ZNIENAWIDZONE ZAWODY W POLSCE: - Statystyki

Ogólne statystyki
  • Ten quiz został rozwiązany 148 razy
  • Średni wynik to 3 z 6
Statystyki odpowiedzi
Odpowiedź % Poprawnych
Policjant
87%
Nauczyciel
64%
Polityk
53%
Komornik
42%
Kanar
29%
Prokurator
17%
Nie znaleziono quizów pasujących do podanych kryteriów
Rozkład punktacji
Procent ludzi z każdym wynikiem
Percentyl według liczby udzielonych odpowiedzi
Twoja historia wyników
Nie rozwiązałeś tego quizu